| 000 | 008480000a22002650004500 | ||
|---|---|---|---|
| 003 | LK-CoMWRAF | ||
| 005 | 20231122113429.0 | ||
| 008 | 230817t1997 ||||| |||| 00| 0 eng d | ||
| 020 | _a9068327097 | ||
| 040 |
_aLK-CoMWRAF _dLK-CoMWRAF _eLK-CoMWRAF |
||
| 041 | _aeng | ||
| 082 |
_a305.4 _bMAC |
||
| 100 | _aMacdonald ,Mandy | ||
| 245 |
_aGender and organizational change : _bbridging the gap between policy and practice |
||
| 250 | _a2nd ed. | ||
| 260 |
_aAmsterdam: _bRoyal Tropical institute, _c1997 |
||
| 300 |
_a154 p. : ill. ; 24 cm _bBibliography included |
||
| 650 | _a Sex role in the work environment -- Europe | ||
| 650 | _aOrganizational change -- Europe | ||
| 650 | _aNon-governmental organizations -- Europe | ||
| 650 | _aWomen in development -- Europe | ||
| 700 | _aSprenger,Ellen | ||
| 700 | _aDubel, Ireen | ||
| 942 | _cBK | ||
| 999 |
_c540 _d540 |
||